000 00771nam a2200229 i 4500
001 186036
003 SpMaBN
005 20250805063325.0
008 160905s1986 sp |||| | spa d
020 _a84-206-0176-4
080 _a82-93.09(04)
100 1 _aSavater, Fernando,
_d1947-
_9104053
245 1 3 _aLa infancia recuperada /
_cFernando Savater.
260 _aMadrid :
_bTaurus :
_bAlianza Editorial,
_c[1986]
300 _a214 p. ;
_c18 cm.
490 1 _aEl libro de bolsillo ;
_v1176.
_aHumanidades
500 _aÍndice de autores.
650 7 _aLiteratura infantil-
_xHistoria y crítica.
_914620
830 0 3 _aEl libro de bolsillo.
_pHumanidades
_v1176.
_9178672
852 _aES-MaACL
_jL-30627
_z. - Donat. Miguel A. Velasco
999 _c186036
_d186036